Management policies I: Their development as corporate guides (Record no. 30307)

MARC details
000 -LEADER
fixed length control field 00390nam a2200133Ia 4500
082 ## - DEWEY DECIMAL CLASSIFICATION NUMBER
Classification number 065.011
Item number HIG
100 ## - MAIN ENTRY--AUTHOR NAME
Personal name Higginson, M Valliant
245 #0 - TITLE STATEMENT
Title Management policies I: Their development as corporate guides
260 ## - PUBLICATION, DISTRIBUTION, ETC. (IMPRINT)
Place of publication Bombay
Name of publisher Taraporevala
Year of publication 1976
490 ## - SERIES STATEMENT
Series statement AMA Research study V 76
650 ## - SUBJECT ADDED ENTRY--TOPICAL TERM
Topical Term Management policies
942 ## - ADDED ENTRY ELEMENTS (KOHA)
Koha item type Books
Holdings
Withdrawn status Lost status Damaged status Not for loan Home library Current library Date acquired Cost, normal purchase price Full call number Accession Number Koha item type
        RRII Library RRII Library 16/12/2021 47.00 065.011 HIG 10881 Books